000 00660nam a2200181Ia 4500
008 090123s9999 xx 000 0 und d
082 _b6355
_a891.463/अष्टिकर
100 _aअष्टीकर मंदाकिनी
245 _aआणि वणवा शांत झाला
250 _a1
260 _bप्रिया प्रकाशन
300 _a216
600 _aअष्टीकर मंदाकिनी
630 _aआणि वणवा शांत झाला
700 _aअष्टीकर मंदाकिनी
730 _aआणि वणवा शांत झाला
942 _cBOOK
999 _c44420
_d44420